000 00771nam a2200301Ia 4500
001 5591
003 IT-RoPAU
008 130308s9999 xx 000 0 und d
040 _aIT-RoPAU
040 _cIT-RoPAU
041 _aFRANCESE
100 _aKristeva Julia
100 _gCodice Aut. SPICS: 4996
245 _aLieu semiotique (Le)-Introduction
245 _bEssays in Semiotics-Essais de Semiotique
250 _a1a ed.
260 _aPARIS
260 _bMouton
260 _c1971 [1° Ed.:1971 - Ed.Ling.Originale:1971]
300 _a"7 p. (prefazione: no ; testo: 7 [pagine: 1-7])"
500 _aLuogo Semiotico
650 _aSEMIOLOGIA
650 _eCodice materia Spics: 3251
942 _cBK
957 _71
999 _c40867
_d40867
999 _bSI
999 _g1